[Event "COL-ch U14"]
[Site "Barranquilla"]
[Date "2024.04.14"]
[Round "6"]
[White "Rios Jimenez, Martin"]
[Black "Sequeda Hernandez, Daniel Arturo"]
[Result "1/2-1/2"]
[WhiteElo "1435"]
[BlackElo "1560"]
[PlyCount "77"]
[EventDate "2024.04.11"]
[EventType "swiss"]
[EventRounds "7"]
[EventCountry "COL"]
[SourceTitle "CB18_2024"]
[SourceDate "2024.05.01"]
[SourceVersion "1"]
[SourceVersionDate "2024.05.01"]
[SourceQuality "2"]

1. e4 e6 2. d3 d5 3. Nd2 c5 4. Ngf3 Nc6 5. g3 Nf6 6. Bg2 Be7 7. 0-0 h6 8. Re1 g6 9. c3 Qc7 10. Qc2 g5 11. exd5 Nxd5 12. Nc4 Bf6 13. Nxg5 hxg5 14. Bxd5 Bd7 15. Bg2 0-0-0 16. Be3 Ne5 17. Nxe5 Bxe5 18. Bxg5 f6 19. Be3 Bc6 20. Rad1 Bxg2 21. Kxg2 Qh7 22. h4 Qf5 23. Rh1 c4 24. Qe2 cxd3 25. Qf3 Qg6 26. Bf4 Rhg8 27. Bxe5 fxe5 28. Rhe1 Rd5 29. Qe4 Qf6 30. Kh2 Qxf2+ 31. Qg2 Qxg2+ 32. Kxg2 d2 33. Re2 Rd3 34. Rexd2 Rgxg3+ 35. Kf2 Rdf3+ 36. Ke2 Re3+ 37. Kf2 Ref3+ 38. Ke2 Re3+ 39. Kf2 1/2-1/2